| 000 | 006130000a22001690004500 | ||
|---|---|---|---|
| 003 | MACL | ||
| 005 | 20160531123555.0 | ||
| 008 | 160531b xxu||||| |||| 00| 0 eng d | ||
| 040 |
_aMACL _cMACL |
||
| 041 | _aHindi | ||
| 082 | _a900 TIW | ||
| 100 |
_aतिवारी, गंगा सागर _960966 |
||
| 245 |
_aभारतीय सांस्कृतिक एवं ऐतिहासिक विरासतें _cगंगा सागर तिवारी |
||
| 260 |
_aइलाहाबाद _bअनिल प्रकाशन _c2012 |
||
| 350 | _a250 | ||
| 942 |
_cHIN _k900/TIW _2ddc |
||
| 999 |
_c47849 _d47849 |
||